Nghiên cứu kỹ thuật máy móc cho hệ thống phát hiện xâm nhập : Luận văn thạc sĩ - Chuyên ngành: Khoa học máy tính

שמור ב:
מידע ביבליוגרפי
מחבר ראשי: Võ, Thanh Hải
פורמט: Luận văn
שפה:Undetermined
יצא לאור: Trường Đại học Công nghiệp Tp. Hồ Chí Minh 2021
נושאים:
גישה מקוונת:https://opac.iuh.edu.vn/TraCuuTaiLieuSo2XemChiTiet.aspx?Id=112704
תגים: הוספת תג
אין תגיות, היה/י הראשונ/ה לתייג את הרשומה!
Thư viện lưu trữ: Trung tâm Thư viện - Trường Đại học Công nghiệp TP. Hồ Chí Minh
LEADER 00756nam a2200169Ia 4500
001 UIH_02104
008 230809s9999 xx 000 0 und d
082 |a 4 
100 |a Võ, Thanh Hải 
245 0 |a Nghiên cứu kỹ thuật máy móc cho hệ thống phát hiện xâm nhập : Luận văn thạc sĩ - Chuyên ngành: Khoa học máy tính 
245 0 |c Võ, Thanh Hải 
260 |b Trường Đại học Công nghiệp Tp. Hồ Chí Minh 
260 |c 2021 
650 |a Khoa học máy tính;Nhận dạng; 
856 |u https://opac.iuh.edu.vn/TraCuuTaiLieuSo2XemChiTiet.aspx?Id=112704 
927 |a Luận văn 
980 |a Trung tâm Thư viện - Trường Đại học Công nghiệp TP. Hồ Chí Minh